|
|
|
|
| LEADER |
01603nam a2200361 a 4500 |
| 001 |
3935 |
| 003 |
BD-DhAAL |
| 005 |
20150324112541.0 |
| 008 |
150324s1996 nyua b 001 0 eng |
| 010 |
|
|
|a 96021085
|
| 020 |
|
|
|a 0471155608 (pbk. : alk. paper)
|
| 040 |
|
|
|a DLC
|c DLC
|d DLC
|d BD-DhAAL
|
| 050 |
0 |
0 |
|a R726.5
|b .H42 1996
|
| 082 |
0 |
0 |
|a 615.5/3
|2 20
|
| 245 |
0 |
0 |
|a Healing east and west :
|b ancient wisdom and modern psychology /
|c edited by Anees A. Sheikh, Katharina S. Sheikh ; [foreword by Jeanne Achterberg].
|
| 246 |
1 |
4 |
|a Healing east & west
|
| 250 |
|
|
|a Pbk. ed.
|
| 260 |
|
|
|a New York :
|b Wiley,
|c c1996.
|
| 300 |
|
|
|a xxiv, 590 p. :
|b ill. ;
|c 23 cm.
|
| 500 |
|
|
|a Originally published: Eastern and western approaches to healing. New York : Wiley, c1989.
|
| 504 |
|
|
|a Includes bibliographical references and indexes.
|
| 541 |
|
|
|e 3935
|
| 650 |
|
0 |
|a Medicine and psychology
|x Cross-cultural studies.
|9 10087
|
| 650 |
|
0 |
|a Medicine, Oriental.
|9 10088
|
| 650 |
|
0 |
|a Mind and body.
|9 10089
|
| 650 |
|
0 |
|a Psychiatry, Transcultural.
|9 10090
|
| 700 |
1 |
|
|a Sheikh, Anees A.
|9 10091
|
| 700 |
1 |
|
|a Sheikh, Katharina S.
|9 10092
|
| 730 |
0 |
|
|a Eastern and western approaches to healing.
|9 10093
|
| 942 |
|
|
|2 ddc
|c BK
|
| 999 |
|
|
|c 34151
|d 34151
|
| 952 |
|
|
|0 0
|1 0
|2 ddc
|4 0
|6 615_530000000000000_HEA
|7 0
|9 53287
|a SCL
|b SCL
|c GEN
|d 2015-03-24
|e Gift: The Asia Foundation
|l 0
|o 615.53 HEA
|p 3020003935
|r 2015-03-24
|t 1
|w 2015-03-24
|y BK
|
| 952 |
|
|
|0 0
|1 0
|2 ddc
|4 0
|6 615_530000000000000_HEA
|7 0
|9 53834
|a SCL
|b SCL
|c GEN
|d 2015-05-23
|e Gift: The Asia Foundation
|l 3
|m 9
|o 615.53 HEA
|p 3020005717
|r 2025-07-07
|s 2025-06-24
|t 2
|w 2015-05-23
|y BK
|